| 000 | 00329nam a22001217a 4500 | ||
|---|---|---|---|
| 082 | _a220 PRO | ||
| 100 |
_aERSHIAN,SOHAIB _972417 |
||
| 245 | _aPR-SOF-1079-UNMANNED LEAD VEHICLE | ||
| 260 |
_aISLAMABAD _bNUST COLLEGE OF EME _c2011 |
||
| 650 |
_aDE-MTS-29 _972418 |
||
| 700 |
_aDR AKHTAR NAWAZ,DR JAVAID IQBAL _972419 |
||
| 942 | _cCR | ||
| 999 |
_c578457 _d578457 |
||